Guess the languages - Statistics

General Stats
  • This quiz has been taken 37 times
  • The average score is 13 of 15
Answer Stats
Picture Hint Answer % Correct
United kingdom? English
100%
Brazil? Portuguese
97%
Japan Japanese
93%
Germany? Deutsch
90%
Netherlands? Dutch
90%
France? French
90%
Ireland? Irish
90%
South korea Korean
90%
China? Mandarin
86%
Panama? Latin Spanish
83%
Malaysia? Malay
83%
South africa Afrikaans
72%
Algeria? Arabic
72%
Nepal Nepali
72%
Vatican city Latin
69%
No matching quizzes found
Score Distribution
Percent of People with Each Score
Percentile by Number Answered
Your Score History
You have not taken this quiz